000 01585cam a22003737i 4500
001 data
005 20260322212102.0
008 data
035 _a21166792
906 _a7
_bcbc
_ccopycat
_d2
_encip
_f20
_gy-gencatlg
925 0 _aacquire
_b1 shelf copy
_xpolicy default
955 _frl06 2022-05-26 to PresSrvs
010 _a 2019949209
020 _a0702078182
_q(paperback)
020 _a9780702078187
_q(paperback)
035 _a(OCoLC)1130668553
040 _aYDX
_beng
_cYDX
_erda
_dDLC
_dYDXIT
_dOCLCF
_dOCLCQ
_dOCLCO
_dDLC
042 _alccopycat
050 0 0 _aRM300
_b.P24 2021
082 0 4 _a615.1
_223
100 1 _aPage, C. P.,
_eauthor.
245 1 0 _aDale's pharmacology condensed /
_bClive Page, OBE, PhD, Director, Sackler Institute of Pulmonary Pharmacology, Institute of Pharmaceutical Science King's College London, London, United Kingdom, Simon Pitchford, BSc, PhD, Sackler Institute of Pulmonary Pharmacology Institute of Pharmaceutical Science King's College London, London, United Kingdom.
250 _aThird edition.
264 1 _a[Philadelphia, Pa.] :
_bElsevier,
_c[2021]
300 _a165 pages :
_billustrations ;
_c28 cm
336 _atext
_btxt
_2rdacontent
337 _aunmediated
_bn
_2rdamedia
338 _avolume
_bnc
_2rdacarrier
650 0 _aPharmacology.
650 2 _aPharmacology
650 6 _aPharmacologie.
650 7 _apharmacology.
_2aat
650 7 _aPharmacology.
_2fast
_0(OCoLC)fst01060259
999 _c1479
_d1479